Statistiken für Größte Stadt beginnend mit B in Diesem Land

Klicken Sie hier um das Quiz zu spielen!

Allgemein

  • Dieses Quiz wurde 407 mal gespielt
    (406 seit der letzten Aktualisierung)
  • Das Durchschnittsergebnis liegt bei 14 aus 21

Antwortstatistiken

LandB ville% Korrekt
DeutschlandBerlin
98%
BrasilienBrasilia
93%
ArgentinienBuenos Aires
93%
SpanienBarcelona
89%
UngarnBudapest
88%
KolumbienBogota
85%
IrakBagdad
83%
AustralienBrisbane
83%
LibanonBeirut
80%
Vereinigtes KönigreichBirmingham
80%
NorwegenBergen
75%
FrankreichBordeaux
73%
ItalienBologna
67%
TschechienBrünn
65%
MaliBamako
59%
BruneiBandar Seri Begawan
43%
SüdkoreaBusan
42%
IndienBangalore
39%
ChinaBeijing
33%
RusslandBarnaul
2%
KanadaBrampton
1%

Verteilung der Resultate

Perzentil nach korrekt beantworteten Fragen

Anzahl Personen mit jedem Resultat

Ihre Resultats-Entwicklung

Sie haben dieses Quiz seit der letzten Aktualisierung nicht gespielt